Detalles MARC
| 000 -CABECERA |
| campo de control de longitud fija |
00960cam a2200265 a 4500 |
| 001 - NÚMERO DE CONTROL |
| campo de control |
000008247 |
| 005 - FECHA Y HORA DE LA ÚLTIMA TRANSACCIÓN |
| campo de control |
20200929161322.0 |
| 008 - DATOS DE LONGITUD FIJA--INFORMACIÓN GENERAL |
| campo de control de longitud fija |
010119s2000 ve 001 0 spa d |
| 020 ## - NÚMERO INTERNACIONAL ESTÁNDAR DEL LIBRO |
| Número Internacional Estándar del Libro |
9803451995 |
| 035 ## - NÚMERO DE CONTROL DEL SISTEMA |
| Número de control de sistema |
(OCoLC)ocm49215606 |
| 035 ## - NÚMERO DE CONTROL DEL SISTEMA |
| Número de control de sistema |
(OCoLC)49215606 |
| 040 ## - FUENTE DE LA CATALOGACIÓN |
| Centro catalogador/agencia de origen |
DO-SdBNP |
| Centro/agencia transcriptor |
NYP |
| Centro/agencia modificador |
OCLCQ |
| -- |
IXA |
| -- |
OCLCQ |
| -- |
BNPHU |
| 082 ## - NÚMERO DE LA CLASIFICACIÓN DECIMAL DEWEY |
| Número de clasificación |
V864.44 |
| Número de documento/Ítem |
R621p |
| 049 ## - FONDOS LOCALES (OCLC) |
| Fondos de biblioteca |
BNGR |
| 100 1# - ENTRADA PRINCIPAL--NOMBRE DE PERSONA |
| Nombre de persona |
Rivero, Emilcen, |
| Fechas asociadas al nombre |
1954- |
| 9 (RLIN) |
20889 |
| 245 10 - MENCIÓN DE TÍTULO |
| Título |
Palabras sobre ficción / |
| Mención de responsabilidad, etc. |
Emilcen Rivero. |
| 260 ## - PUBLICACIÓN, DISTRIBUCIÓN, ETC. |
| Lugar de publicación, distribución, etc. |
Venezuela : |
| Nombre del editor, distribuidor, etc. |
Tercer Milenium, |
| Fecha de publicación, distribución, etc. |
2000. |
| 300 ## - DESCRIPCIÓN FÍSICA |
| Extensión |
111 p. ; |
| Dimensiones |
22 cm. |
| 490 1# - MENCIÓN DE SERIE |
| Mención de serie |
Literaria Ateneo de Los Teques ; |
| Designación de volumen o secuencia |
40 |
| 600 10 - PUNTO DE ACCESO ADICIONAL DE MATERIA--NOMBRE DE PERSONA |
| Nombre de persona |
NIETZSCHE, FRIEDRICH WILHELM, |
| Fechas asociadas al nombre |
1844-1900 |
| Subdivisión general |
CRÍTICA E INTERPRETACIÓN. |
| 9 (RLIN) |
22365 |
| 600 10 - PUNTO DE ACCESO ADICIONAL DE MATERIA--NOMBRE DE PERSONA |
| Nombre de persona |
VARGAS LLOSA, MARIO, |
| Fechas asociadas al nombre |
1936- |
| Subdivisión general |
CRÍTICA E INTERPRETACIÓN |
| 9 (RLIN) |
16940 |
| 600 10 - PUNTO DE ACCESO ADICIONAL DE MATERIA--NOMBRE DE PERSONA |
| Nombre de persona |
CAMUS, ALBERT, |
| Fechas asociadas al nombre |
1913-1960 |
| Subdivisión general |
CRÍTICA E INTERPRETACIÓN. |
| 9 (RLIN) |
22366 |
| 830 #0 - PUNTO DE ACCESO ADICIONAL DE SERIE-TÍTULO UNIFORME |
| Título uniforme |
Literaria Ateneo de Los Teques ; |
| Designación de volumen o secuencia |
40. |
| 9 (RLIN) |
22367 |
| 910 ## - DATOS DE OPCIÓN DEL USUARIO (OCLC) |
| Datos de opción del usuario |
Catalogación por copia / LC |